书目信息

书名: 女人集 
作者: 韦君宜 著 ;袁奕贤 插图
出版信息: 成都   四川人民出版社  1980.02
开本页数: 19cm  317页
丛书名:
单 册:
中图分类: I24
科图分类:
主题词: 短篇小说--中国--现代--选集
电子资源:
ISBN:
000 00630nam0 2200241 450
001 0000122009
005 20060222154141.64
010    @dCNY1.10
091    @aCN@b10118.259
100    @a19950526d1980 y0chiy0121 ea
101 @achi
102    @aCN@b510000
105    @ay z 000ay
200 @a女人集@Anv ren ji@f韦君宜著@g袁奕贤插图
210    @a成都@c四川人民出版社@d1980.02
215    @a317页@d19cm
606    @a短篇小说@y中国@z现代@x选集
686    @aK278.8@2CNNJU
690    @aI24@v3
701  1 @a韦君宜@Awei jun yi@4著
702  1 @a袁奕贤@Ayuan yi xian@4插图
801    @aCN@bNiSoft@c20060222
905    @a10447@dI24@e205
    
    女人集/韦君宜著/袁奕贤插图.-成都:四川人民出版社,1980.02
    317页;19cm
    
    
    ISBN :CNY1.10
    
相关链接 在五车中查询图书 在当当中查询图书 在豆瓣中查询图书


正题名:女人集     索取号:I24/205         预约/预借

序号 登录号 条形码 馆藏地/架位号 状态 备注
1 52778   200527787   海科密-1楼/30架12列7层/ [索取号:I24/205] 在馆